[Event "Mediterranean op-B 4th"]
[Site "Rijeka"]
[Date "2010.11.13"]
[Round "1"]
[White "Muslija, Idris"]
[Black "Lakic, Gojko"]
[Result "1-0"]
[WhiteElo "2199"]
[BlackElo "1846"]
[PlyCount "75"]
[EventDate "2010.11.13"]
[EventType "swiss"]
[EventRounds "9"]
[EventCountry "CRO"]
[SourceTitle "EXT 2011"]
[Source "ChessBase"]
[SourceDate "2010.11.26"]
[SourceVersion "1"]
[SourceVersionDate "2010.11.26"]
[SourceQuality "1"]

1. e4 c5 2. Nf3 Nc6 3. d4 cxd4 4. Nxd4 e5 5. Nb5 a6 6. Nd6+ Bxd6 7. Qxd6 Qf6 8. Qc7 Nge7 9. Bd3 0-0 10. 0-0 d5 11. Nc3 Nb4 12. Qc5 Nxd3 13. cxd3 d4 14. Ne2 b6 15. Qc2 Bb7 16. f4 Rac8 17. Qd1 Nc6 18. fxe5 Qxe5 19. Ng3 Ne7 20. Bf4 Qb5 21. Bd6 Qd7 22. Bxe7 Qxe7 23. Nf5 Qg5 24. Rf3 Qd8 25. Rg3 g6 26. Qh5 Rc5 27. Qh6 Rxf5 28. exf5 Qf6 29. Rf1 Qg7 30. Qh4 f6 31. fxg6 hxg6 32. Qxd4 b5 33. Qg4 g5 34. Qe6+ Rf7 35. h4 Qf8 36. Rxf6 Qc5+ 37. Kh2 Qc7 38. Rxf7 1-0

[Event "Mediterranean op 3rd"]
[Site "Rijeka"]
[Date "2009.11.30"]
[Round "4"]
[White "Bjelicic, Jan"]
[Black "Lakic, Gojko"]
[Result "1-0"]
[WhiteElo "2087"]
[BlackElo "1880"]
[PlyCount "57"]
[EventDate "2009.11.27"]
[EventType "swiss"]
[EventRounds "9"]
[EventCountry "CRO"]
[SourceTitle "CBM 133 Extra"]
[Source "ChessBase"]
[SourceDate "2010.01.05"]
[SourceVersion "1"]
[SourceVersionDate "2010.01.05"]
[SourceQuality "1"]

1. e4 c5 2. Nf3 Nc6 3. d4 cxd4 4. Nxd4 e6 5. Nc3 a6 6. Be2 Nf6 7. 0-0 d6 8. Be3 Nxd4 9. Bxd4 e5 10. Be3 Qc7 11. Qd2 Be6 12. Rad1 Be7 13. Bg5 Rd8 14. f4 Qc5+ 15. Kh1 Bc4 16. Bxc4 Qxc4 17. Bxf6 Bxf6 18. f5 h6 19. b3 Qc6 20. Nd5 Bg5 21. Qd3 f6 22. g3 h5 23. h4 Bh6 24. Qe2 Kd7 25. Rd3 Qb5 26. a4 Qc5 27. Rc3 Qa7 28. Rc7+ Ke8 29. Qxh5+ 1-0